| 000 | 00596nam a22002057a 4500 | ||
|---|---|---|---|
| 005 | 20251108171908.0 | ||
| 008 | 250721s2002 xx 000 0 ara d | ||
| 082 | 1 | 4 | _a628.5/طيب |
| 100 | 1 | _aالطيب، نوري طاهر | |
| 245 | 1 | 0 | _aالتلوث بالغبار / |
| 264 | 1 |
_aالرياض : _bمؤسسة اليمامة الصحفية، _c2002. |
|
| 300 | _a180ص. | ||
| 490 | 0 |
_aكتاب الرياض _v105 |
|
| 650 | 1 | 7 | _aالتلوث |
| 650 | 1 | 7 | _aالبيئة |
| 650 | 1 | 7 | _aصحة البيئة |
| 700 | 1 | _aجرار، بشير محمود | |
| 942 |
_2ddc _cBK |
||
| 999 |
_c65401 _d65401 |
||